000 00657nam a2200229Ia 4500
003 OSt
005 20220925231240.0
006 a|||||r|||| 00| 0
007 ta
008 220923b |||||||| |||| 00| 0 eng d
037 _cGeneral Book
040 _aRTL
_cRTL
_beng
041 _2eng
_aeng
082 _aX5.211.N38r, G9
110 _aMADRAS, (Chamber of Commerce)
_9295082
245 0 _aProceedings from jan- dec. 1938
260 _aMadras
_bChamber of Commerce
_c1939
300 _axviii, 285p
_ccm.
700 _aMADRAS, (Chamber of Commerce)
_9295083
942 _hX5.211.N38r, G9
_cGB
_2CC
999 _c587866
_d587866